15 największych miast nad Wisłą - Statystyki

Ogólne statystyki
  • Ten quiz został rozwiązany 46 razy
  • Średni wynik to 10 z 15
Statystyki odpowiedzi
Liczba ludności Województwo Miasto % Poprawnych
487 371 (pomorskie) Gdańsk
100%
807 644 (małopolskie) Kraków
100%
1 862 402 (mazowieckie) Warszawa
100%
169 862 (kujawsko-pomorskie) Toruń
95%
324 984 (kujawsko-pomorskie) Bydgoszcz
90%
110 495 (mazowieckie) Płock
85%
100 125 (kujawsko-pomorskie) Włocławek
82%
88 658 (kujawsko-pomorskie) Grudziądz
64%
43 978 (lubelskie) Puławy
56%
52 419 (pomorskie) Tczew
56%
43 712 (podkarpackie) Tarnobrzeg
51%
52 630 (mazowieckie) Legionowo
41%
35 577 (małopolskie) Oświęcim
31%
43 895 (mazowieckie) Otwock
21%
34 783 (śląskie) Czechowice-Dziedzice
18%
Nie znaleziono quizów pasujących do podanych kryteriów
Rozkład punktacji
Procent ludzi z każdym wynikiem
Percentyl według liczby udzielonych odpowiedzi
Twoja historia wyników
Nie rozwiązałeś tego quizu